| 000 | 00532nam a2200157 i 4500 | ||
|---|---|---|---|
| 001 | 128843 | ||
| 003 | ES-MaACL | ||
| 005 | 20230906193354.0 | ||
| 007 | t| | ||
| 008 | 070528s1906 sp ||||1| spa d | ||
| 100 | 1 |
_aTayá y Filella, Salvador. _9109430 |
|
| 245 | 1 | 0 |
_aEstudio comparativo de diferentes procedimientos para el análisis del oxígeno, nitrógeno, anhídrido carbónico disuelto en el agua _b: tesis doctoral. |
| 260 |
_aBarcelona : _b[s.n.], _c1906. |
||
| 502 | _aTesis doctoral. | ||
| 852 |
_aES-MaACL _jT-1227-F-14 |
||
| 999 |
_c128843 _d128843 |
||